000 00816nam a2200229 a 4500
001 000019613
005 20200929170058.0
008 100701s1991 dr r 000 0 spa d
020 _a9681321499
040 _aDO-SdBNP
_bspa
_cBNPHU
082 _a923.173
_bB978h
100 1 _aBush, George,
_d1924-
_96851
245 1 0 _aHacia el futuro :
_bpromesas y desafíos /
_cGeorge Bush , Víctor Gold ; traducción carlos Coldaroli.
260 _aMéxico D. F. :
_bEditorial Diana,
_c1991.
300 _a242 p. :
_bil., retrs. ;
_c21 cm.
504 _aIncluye referencias bibliográficas y notas al pie de las páginas.
600 1 0 _aBUSCH, GEORGE,
_d1946-
_942051
650 4 _aPresidentes
_zEstados Unidos
_xBiografía
_93714
700 1 _aGold, Víctor
_942052
700 1 _aColdaroli, Carlos,
_etr.
_942053
049 _aBNGR
999 _c19129
_d19129